Régions ayant remporté le plus de titres Miss France - Statistiques

Statistiques générales
  • Ce quiz a été pris 108 fois
  • Le résultat moyen est 10 sur 15
Statistiques - réponses
Région Nombre de victoires % Correct
Ile-de-France 16 victoires
96%
Nord-Pas-de-Calais 4 victoires
93%
Provence-Alpes-Côte d'Azur 8 victoires
88%
Guadeloupe 4 victoires
86%
Bretagne 6 victoires
83%
Alsace 7 victoires
82%
Normandie 7 victoires
80%
Aquitaine 7 victoires
72%
Tahiti 5 victoires
69%
Pays de la Loire 4 victoires
64%
Rhône-Alpes 5 victoires
60%
Lorraine 3 victoires
54%
Picardie 4 victoires
49%
Languedoc-Roussillon 4 victoires
33%
Poitou-Charente 4 victoires
28%
Aucun quiz correspondant
Distribution des résultats
% des personnes avec chaque résultat
Percentile par nombre de réponses
Votre historique - résultats
Vous n’avez pas pris ce quiz